00842 2200301 4500001002100000005001500021035002500036020002200061040001200083041000800095082001700103084001700120090002100137090002100158100003400179245007500213250001100288260003900299300003400338500001100372504002800383650001400411700004000425850001200465999002100477990002100498990002100519INLIS00000000003444220190628105942 a0010-031800000000385 a978-979-16428-1-1 aYOPDYOG0 aind042[23]a616.86 a616.86 Riz H aDEP 616.86 Riz H aCB-D.11 2018-0370 aRIZALDY TASLIM PINZON,d1976-1 aNyeri neuropatik /cRizaldy Taslim Pinzon, Rosa De Lima Renita Sanyasi aCet. 1 aYogyakarta :bSumber Aksara,c2018 ax, 94 hlm. :bilus. ;c23 cm. aIndeks aBibliografi: hlm. 80-83 4aNeuralgia0 aROSA DE LIMA RENITA SANYASI,d1992- aYOPDYOG aCB-D.11/2018-037 aCB-D.11/2018-037 aCB-D.11/2018-037